Normal view
MARC view
Entry Topical Term
001 - CONTROL NUMBER
- control field: 27436
003 - CONTROL NUMBER IDENTIFIER
- control field: dpl
005 - DATE AND TIME OF LATEST TRANSACTION
- control field: 20110421154627.0
008 - FIXED-LENGTH DATA ELEMENTS
- fixed length control field: 110421|||a|||||| | ||| d
040 ## - CATALOGING SOURCE
- Original cataloging agency: dpl
- Transcribing agency: dpl
150 ## - HEADING--TOPICAL TERM
- Topical term or geographic name as entry element: Management
670 ## - SOURCE DATA FOUND
- Source citation: Work cat.: (dpl)38742: Henkel,L 27435, 365 foolishk mistakes :smart managers make every day:, 2010
670 ## - SOURCE DATA FOUND
- Source citation: Work cat.: (dpl)38742: Henkel,L 27435, 365 foolishk mistakes :smart managers make every day:, 2010
